NFL Week 11 Fantasy Leaders 2024-2025 - Statistics

General Stats
  • This quiz has been taken 150 times
  • The average score is 10 of 20
Answer Stats
Position Points Player % Correct
WR 38.7 Amon-Ra St. Brown
74%
TE 42.5 Taysom Hill
74%
RB 33.8 Saquon Barkley
72%
WR 26.5 Ja'Marr Chase
71%
QB 25 Josh Allen
70%
TE 31.3 Brock Bowers
62%
QB 34.6 Jared Goff
62%
QB 29 Joe Burrow
61%
TE 28.1 Jonnu Smith
57%
RB 35.3 Joe Mixon
51%
QB 28.8 Bo Nix
45%
WR 28.6 Cooper Kupp
40%
WR 29.8 Tee Higgins
39%
WR 25.3 Puka Nacua
37%
RB 31.1 Breece Hall
30%
QB 27.8 Matthew Stafford
30%
QB 28.1 Anthony Richardson
25%
WR 26.2 Jerry Jeudy
20%
QB 26.6 Jameis Winston
18%
WR 25.1 Jauan Jennings
16%
No matching quizzes found
Score Distribution
Percent of People with Each Score
Percentile by Number Answered
Your Score History
You have not taken this quiz